Tutti gli Stati che hanno controllato Biskek - Statistics

Statistiche generali
  • Questo quiz è stato fatto 6 volte
  • Il punteggio medio è 5 su 8
Statistiche sulle risposte
con Immagini Hint Risposta % Corretto
1860 - 1917 Impero Russo
100%
1991 - Oggi Repubblica del Kirghizistan
100%
1922 - 1991 Unione Sovietica
100%
1917 Repubblica Russa
50%
1917 - 1918 Governatorato Provvisorio del Turkestan Autonomo
33%
1918 - 1922 Repubblica Socialista Sovietica Autonoma del Turkestan
33%
1825 - 1842 Khanato di Kokand
17%
1842 - 1860 Khanato Kara-Kirghiso
17%
Nessun quiz corrispondente trovato
Distribuzione punteggi
Percentuale di utenti per punteggio
Percentile per numero di risposta
I tuoi punteggi nel tempo
Non hai fatto questo quiz